000 00368nam a2200169Ia 4500
003 0STCL
008 150530s9999 xx 000 0 und d
040 _aSTCL
_cSTCL
100 _aFrederic Harrison
245 _aJohn Ruskin
250 _aFirst
260 _bMacmillan
_c1932
546 _aEnglish
942 _2ddc
_cBK
999 _c61613
_d61613
005 20220125171154.0